| 000 | 01220nam a2200337 a 4500 | ||
|---|---|---|---|
| 001 | 000112936 | ||
| 003 | CHAP | ||
| 005 | 20220329144329.0 | ||
| 008 | 170221s2016 mx sm |||||||spa d | ||
| 010 | _a109397 | ||
| 011 | _a110369 | ||
| 040 | _cCHAP | ||
| 090 | _aTesis | ||
| 100 | 1 |
_aArrazate Argueta, Víctor del Carmen _9131551 |
|
| 245 | 1 | 0 |
_aEvaluación del efecto mutagénico por rayos gamma en estevia (Stevia rebaudiana Bertoni) _h[En línea] _cpor Víctor del Carmen Arrazate Argueta. |
| 260 |
_aChapingo, Méx. : _bEl autor, _c2016. |
||
| 500 | _aPara ver el contenido del material haga clic en la liga | ||
| 502 | _aTesis (Ing. Agr. Esp. en Fitotecnia) -- UACH. Departamento de Fitotecnia | ||
| 590 |
_aBATCH-UPD _b05 _c20170221 _lUCH01 _h0942 |
||
| 590 |
_aBATCH _b00 _c20181121 _lUCH01 _h0758 |
||
| 590 |
_aE5765TAJ _b05 _c20170221 _lUCH01 _h0941 |
||
| 590 |
_aE5765TAJ _b05 _c20170221 _lUCH01 _h0941 |
||
| 650 | 1 | 4 |
_aMutación en plantas. _979907 |
| 650 | 1 | 4 |
_aRayos gamma _xEfecto en stevia. _9131552 |
| 650 | 1 | 4 |
_aStevia _xVariedades. _9131553 |
| 856 |
_a1 _n0000546 |
||
| 856 |
_aFinding aid _uhttp://10.13.5.2/tesis/sist112936.pdf _zTeclea aquí |
||
| 901 | _aBK | ||
| 942 | _cTESIS | ||
| 942 | _n0 | ||
| 999 |
_c109397 _d109397 |
||